|
|
|
|
| LEADER |
00000cam a2200000 7i4500 |
| 001 |
0000019386 |
| 005 |
20090522.0 |
| 008 |
090521s -uk# eng |
| 020 |
|
|
|a 1856046044 ,
|c RM244.85
|
| 040 |
|
|
|a INS
|
| 090 |
0 |
0 |
|a KD1289.3
|b P33 2007Z
|
| 100 |
1 |
|
|a Padfield,Tim
|
| 245 |
1 |
0 |
|a Copyright for archivists and records managers
|c Tim Padfield
|
| 250 |
|
|
|a 3rd ed.
|
| 260 |
|
|
|a London :
|b Facet Publishing ,
|c 2007
|
| 300 |
|
|
|a xii, 306p. ;
|c 26cm.
|
| 500 |
|
|
|a Includes index
|
| 650 |
|
0 |
|a Archives
|x Law and legislation
|z Great Britain
|
| 650 |
|
0 |
|a Archivists
|z Great Britain
|x Handbooks, manuals, etc.
|
| 650 |
|
0 |
|a Copyright
|z Great Britain
|
| 710 |
1 |
|
|a Great Britain .
|b Public Record Office
|
| 999 |
|
|
|a 0000020944
|b BOOK
|c Open Shelf
|e Default branch
|